[Event "Rhein Main op-A 16th"]
[Site "Bad Homburg"]
[Date "2013.06.02"]
[Round "7"]
[White "Riha, Peter"]
[Black "Schlemminger, Degenhard"]
[Result "0-1"]
[WhiteElo "1812"]
[BlackElo "1702"]
[PlyCount "150"]
[EventDate "2013.05.29"]
[EventType "swiss"]
[EventRounds "7"]
[EventCountry "GER"]
[SourceTitle "EXT 2014"]
[Source "ChessBase"]
[SourceDate "2013.11.20"]
[SourceVersion "1"]
[SourceVersionDate "2013.11.20"]
[SourceQuality "1"]

1. d4 d5 2. Bf4 Bf5 3. e3 c6 4. c4 e6 5. Qb3 Qb6 6. c5 Qxb3 7. axb3 Nd7 8. b4 Bxb1 9. Rxb1 a6 10. Ra1 Rc8 11. Nf3 Ngf6 12. h3 Be7 13. Nd2 0-0 14. Nb3 Bd8 15. Bd3 Bc7 16. Bxc7 Rxc7 17. 0-0 e5 18. dxe5 Nxe5 19. Be2 Re8 20. Rfd1 Ne4 21. Rd4 f5 22. Rad1 Nf7 23. h4 g6 24. Re1 Nf6 25. g3 Rce7 26. Bf3 h5 27. Rd2 Ne4 28. Bxe4 fxe4 29. Rd4 Ne5 30. Re2 Nf3+ 31. Kg2 Nxd4 32. Nxd4 Kf7 33. Nb3 Kf6 34. Re1 Kf5 35. Nd4+ Kf6 36. Nb3 g5 37. hxg5+ Kxg5 38. Rh1 Rf8 39. Rh2 Rf6 40. Nd4 Ref7 41. Kg1 Rf8 42. Ne2 Rb8 43. Nf4 Rh6 44. Nh3+ Kg4 45. Nf4 b6 46. Rh4+ Kg5 47. Nh3+ Kf6 48. g4 Rg6 49. g5+ Rxg5+ 50. Nxg5 Kxg5 51. Rf4 bxc5 52. bxc5 Rxb2 53. Rf8 Rb5 54. Ra8 a5 55. Kg2 Rxc5 56. Kg3 Rb5 57. Rg8+ Kf6 58. Rh8 Kg7 59. Rxh5 a4 60. Rh1 Ra5 61. Ra1 a3 62. Kf4 Kf6 63. f3 exf3 64. Kxf3 Ke5 65. Ke2 Ke4 66. Kd2 c5 67. Ra2 Ra4 68. Ke2 c4 69. Kd2 Kf3 70. Ra1 a2 71. Ke1 Kxe3 72. Kd1 d4 73. Kc1 c3 74. Kd1 d3 75. Kc1 Rh4 0-1

[Event "Rhein Main op-A 16th"]
[Site "Bad Homburg"]
[Date "2013.05.30"]
[Round "2"]
[White "Gutacker, Stephan"]
[Black "Riha, Peter"]
[Result "1-0"]
[WhiteElo "1965"]
[BlackElo "1812"]
[PlyCount "39"]
[EventDate "2013.05.29"]
[EventType "swiss"]
[EventRounds "7"]
[EventCountry "GER"]
[SourceTitle "EXT 2014"]
[Source "ChessBase"]
[SourceDate "2013.11.20"]
[SourceVersion "1"]
[SourceVersionDate "2013.11.20"]
[SourceQuality "1"]

1. e4 e5 2. Nf3 Nc6 3. d4 exd4 4. Nxd4 Nf6 5. Nxc6 bxc6 6. Bd3 d5 7. exd5 cxd5 8. 0-0 Be7 9. Nc3 Bg4 10. f3 Bh5 11. Bb5+ Kf8 12. Bc6 Rb8 13. Bxd5 Nxd5 14. Nxd5 Bc5+ 15. Be3 Bxe3+ 16. Nxe3 Qe7 17. Qd4 c5 18. Qc3 f6 19. Rfe1 Qc7 20. Nd5 1-0

[Event "Rhein Main op-A 16th"]
[Site "Bad Homburg"]
[Date "2013.05.29"]
[Round "1"]
[White "Riha, Peter"]
[Black "Seidel, Juergen"]
[Result "0-1"]
[WhiteElo "1812"]
[BlackElo "2072"]
[PlyCount "64"]
[EventDate "2013.05.29"]
[EventType "swiss"]
[EventRounds "7"]
[EventCountry "GER"]
[SourceTitle "EXT 2014"]
[Source "ChessBase"]
[SourceDate "2013.11.20"]
[SourceVersion "1"]
[SourceVersionDate "2013.11.20"]
[SourceQuality "1"]

1. d4 d6 2. e4 Nf6 3. Nc3 Nbd7 4. Nf3 e5 5. Bc4 Be7 6. h3 c6 7. Be3 b5 8. Bd3 0-0 9. 0-0 a6 10. dxe5 dxe5 11. a3 Qc7 12. Nd2 Bb7 13. f3 Rad8 14. Qe1 Nc5 15. Be2 Ne6 16. Qf2 Nh5 17. g3 Rxd2 18. Bxd2 Bc5 19. Be3 Bxe3 20. Qxe3 Nxg3 21. Rf2 Nf4 22. Kh2 Qd7 23. Kg1 Nxh3+ 24. Kg2 Nxf2 25. Qxf2 Nh5 26. Rh1 Nf4+ 27. Kf1 Bc8 28. Qh4 h5 29. Qg5 f6 30. Qg3 Qd2 31. Rg1 g5 32. Bd3 Bh3+ 0-1

[Event "Karl Mala Memorial op 15th"]
[Site "Frankfurt"]
[Date "2012.07.08"]
[Round "6"]
[White "Riha, Peter"]
[Black "Guenther, Rainer"]
[Result "0-1"]
[WhiteElo "1813"]
[BlackElo "1644"]
[PlyCount "62"]
[EventDate "2012.07.05"]
[EventType "swiss"]
[EventRounds "7"]
[EventCountry "GER"]
[SourceTitle "CBM 149 Extra"]
[Source "ChessBase"]
[SourceDate "2012.08.24"]
[SourceVersion "1"]
[SourceVersionDate "2012.08.24"]
[SourceQuality "1"]

1. d4 Nf6 2. c4 e6 3. Nf3 d5 4. Bg5 Be7 5. Nc3 c6 6. e3 Nbd7 7. Qc2 h6 8. Bh4 0-0 9. Rd1 dxc4 10. Bxc4 Nb6 11. Bb3 Nbd5 12. 0-0 b6 13. e4 Nb4 14. Qe2 Nh7 15. Bg3 Bb7 16. a3 Na6 17. Bc2 Nc7 18. Qd3 Ba6 19. Bxc7 Qc8 20. Qe3 Bxf1 21. Bf4 Ba6 22. e5 f5 23. exf6 Nxf6 24. Ne4 Nd5 25. Qe1 Rxf4 26. Ng3 Rxf3 27. gxf3 Nf6 28. Qe5 Qd7 29. Nh5 Qd5 30. Nxf6+ Bxf6 31. Qg3 Qg5 0-1